[Event "SWE-chT 1920 Elite"]
[Site "Sweden"]
[Date "2020.10.20"]
[Round "9.5"]
[White "Kassani, Sam"]
[Black "Olofsson Dolk, Mattis"]
[Result "1-0"]
[WhiteElo "2218"]
[BlackElo "2209"]
[PlyCount "69"]
[EventDate "2019.10.18"]
[EventType "team-tourn"]
[EventRounds "9"]
[EventCountry "SWE"]
[SourceTitle "EXT 2022"]
[Source "ChessBase"]
[SourceDate "2021.10.06"]
[SourceVersion "1"]
[SourceVersionDate "2021.10.06"]
[SourceQuality "1"]
[WhiteTeam "Stockholm CC"]
[BlackTeam "Vaxjo"]
[WhiteTeamCountry "SWE"]
[BlackTeamCountry "SWE"]

1. d4 Nf6 2. Bf4 g6 3. e3 Bg7 4. Nf3 0-0 5. Be2 d6 6. h3 c5 7. c3 b6 8. 0-0 Bb7 9. Nbd2 Nbd7 10. Re1 Rc8 11. Bf1 Rc7 12. a4 a6 13. Bh2 Qa8 14. Qb3 h6 15. Rad1 Rcc8 16. Qa2 Bc6 17. Nh4 Kh7 18. c4 d5 19. e4 Nxe4 20. Nxe4 dxe4 21. d5 Bb7 22. Rxe4 e6 23. Ree1 exd5 24. cxd5 Bd4 25. Re7 Bf6 26. Rxd7 Bxh4 27. d6 c4 28. g3 Bf6 29. Bxc4 Bc6 30. Rc7 Rxc7 31. dxc7 Be5 32. Bxf7 Bxc7 33. Qe6 Be4 34. Rd7 Rd8 35. Bxg6+ 1-0

[Event "SWE-chT 1819 Elite"]
[Site "Sweden"]
[Date "2018.11.11"]
[Round "3.4"]
[White "Kassani, Sam"]
[Black "Kenneskog, Theodor"]
[Result "0-1"]
[WhiteElo "2213"]
[BlackElo "2270"]
[PlyCount "106"]
[EventDate "2018.11.09"]
[EventType "team-tourn"]
[EventRounds "9"]
[EventCountry "SWE"]
[SourceTitle "CBM 187 Extra"]
[Source "ChessBase"]
[SourceDate "2018.11.04"]
[SourceVersion "1"]
[SourceVersionDate "2018.11.04"]
[SourceQuality "1"]
[WhiteTeam "Stockholm CC"]
[BlackTeam "Stockholm Rockaden"]
[WhiteTeamCountry "SWE"]
[BlackTeamCountry "SWE"]

1. d4 Nf6 2. Bf4 g6 3. Nf3 Bg7 4. e3 0-0 5. Be2 d6 6. h3 c5 7. c3 b6 8. 0-0 Bb7 9. Nbd2 Nbd7 10. a4 a6 11. Bh2 Qc7 12. Re1 Ne4 13. Nxe4 Bxe4 14. Nd2 Bc6 15. Bf1 e5 16. b4 a5 17. dxc5 axb4 18. cxb4 dxc5 19. b5 Bd5 20. e4 Be6 21. Bc4 Qd6 22. Qc2 Rfd8 23. Bxe6 Qxe6 24. Nc4 Nf8 25. Ne3 Rd4 26. Nd5 Qd6 27. f4 Nd7 28. Kh1 exf4 29. Bxf4 Be5 30. Be3 Rxd5 31. exd5 Bxa1 32. Rxa1 Qxd5 33. Rd1 Qe6 34. Bf4 Ne5 35. Qc3 f6 36. Re1 Re8 37. a5 Qd7 38. axb6 Qxb5 39. Bxe5 fxe5 40. Rc1 Qxb6 41. Qxc5 Qxc5 42. Rxc5 Kf7 43. Kg1 Kf6 44. Kf2 Ra8 45. Rc7 h5 46. Rc2 Ra3 47. Rb2 Kf5 48. Rc2 Kf4 49. Rb2 e4 50. Rc2 h4 51. Rb2 e3+ 52. Ke2 Kg3 53. Rb4 Ra2+ 0-1

[Event "SWE-chT 1718 Elite"]
[Site "Sweden"]
[Date "2018.03.18"]
[Round "9"]
[White "Kassani, Sam"]
[Black "Lundberg, David"]
[Result "0-1"]
[WhiteElo "2203"]
[BlackElo "2190"]
[PlyCount "192"]
[EventDate "2017.10.20"]
[EventType "team-tourn"]
[EventRounds "9"]
[EventCountry "SWE"]
[SourceTitle "EXT 2019"]
[Source "ChessBase"]
[SourceDate "2018.10.10"]
[SourceVersion "1"]
[SourceVersionDate "2018.10.10"]
[SourceQuality "1"]
[WhiteTeam "Stockholm SS"]
[BlackTeam "Lunds"]
[WhiteTeamCountry "SWE"]
[BlackTeamCountry "SWE"]

1. d4 Nf6 2. Bf4 c5 3. e3 g6 4. Nf3 Bg7 5. c3 b6 6. Be2 0-0 7. h3 d6 8. 0-0 Ba6 9. Re1 Bxe2 10. Qxe2 Nc6 11. Nbd2 Re8 12. Bh2 a6 13. e4 cxd4 14. cxd4 e5 15. dxe5 dxe5 16. Nb3 a5 17. Rac1 Nb4 18. Red1 Qb8 19. a3 Na6 20. Nbd2 Nh5 21. Qb5 Nc7 22. Qc6 Ne6 23. Nc4 Nhf4 24. Kf1 a4 25. Qxb6 f6 26. Bxf4 Nxf4 27. g3 Nxh3 28. Kg2 Ng5 29. Nxg5 fxg5 30. Rd7 Qc8 31. Rc7 Qg4 32. Qb7 Bf6 33. Rxh7 Qe6 34. Nd6 Reb8 35. Qf7+ Qxf7 36. Rxf7 Bd8 37. Rh1 Ra6 38. Rd7 Rc6 39. Rhh7 Rxd6 40. Rdg7+ Kf8 41. Rf7+ Ke8 42. Rfg7 Rf6 43. Rg8+ Rf8 44. Rxg6 Bf6 45. Ra7 Rxb2 46. Ra8+ Bd8 47. Rd6 Ke7 48. Rd5 g4 49. Rxe5+ Kd6 50. Rf5 Rxf5 51. exf5 Bb6 52. Rxa4 Rxf2+ 53. Kh1 Rf1+ 54. Kh2 Rf2+ 55. Kh1 Ke5 56. Rxg4 Ra2 57. Rf4 Kf6 58. a4 Bf2 59. Rf3 Bd4 60. a5 Kg5 61. a6 Kg4 62. Rd3 Be5 63. Kg1 Bxg3 64. Kf1 Rxa6 65. Ke2 Bf4 66. Rd5 Kg5 67. Kf3 Ra3+ 68. Ke4 Re3+ 69. Kd4 Re1 70. Kc5 Kf6 71. Kc6 Be5 72. Kb7 Rb1+ 73. Kc8 Kxf5 74. Rd7 Ke6 75. Rb7 Rh1 76. Rb6+ Bd6 77. Rb5 Rh8+ 78. Kb7 Kd7 79. Rb3 Rh1 80. Rb5 Rh8 81. Ka7 Kc6 82. Rb6+ Kd5 83. Rb2 Bc5+ 84. Kb7 Rh7+ 85. Kb8 Kc6 86. Ka8 Bb6 87. Rc2+ Kb5 88. Rb2+ Ka6 89. Ra2+ Ba5 90. Rb2 Rh8+ 91. Rb8 Rh1 92. Rb2 Bb6 93. Ra2+ Kb5 94. Rb2+ Kc6 95. Rc2+ Bc5 96. Rb2 Ra1+ 0-1

[Event "SWE-chT 1718 Elite"]
[Site "Sweden"]
[Date "2018.02.04"]
[Round "6"]
[White "Kassani, Sam"]
[Black "Grandell, Anders"]
[Result "1-0"]
[WhiteElo "2203"]
[BlackElo "2224"]
[PlyCount "114"]
[EventDate "2017.10.20"]
[EventType "team-tourn"]
[EventRounds "9"]
[EventCountry "SWE"]
[SourceTitle "EXT 2019"]
[Source "ChessBase"]
[SourceDate "2018.10.10"]
[SourceVersion "1"]
[SourceVersionDate "2018.10.10"]
[SourceQuality "1"]
[WhiteTeam "Stockholm SS"]
[BlackTeam "Viking Team"]
[WhiteTeamCountry "SWE"]
[BlackTeamCountry "SWE"]

1. d4 Nf6 2. Bf4 g6 3. Nf3 Bg7 4. e3 0-0 5. h3 b6 6. Be2 Bb7 7. 0-0 c5 8. c3 d6 9. Nbd2 Nbd7 10. Bh2 Rc8 11. a4 a6 12. Qb3 Rb8 13. Qa3 b5 14. axb5 axb5 15. Bxb5 Bxf3 16. Bxd7 Bxg2 17. Kxg2 Nxd7 18. Rfb1 Qc7 19. Qa6 Rb6 20. Qe2 Rfb8 21. Nc4 Rb5 22. Kg1 cxd4 23. exd4 Nf8 24. Ne3 Ne6 25. d5 Nc5 26. Qc2 Nb3 27. Ra4 Na5 28. Rh4 Nb3 29. Re1 Nc5 30. b4 Nd7 31. Rc4 Qb7 32. Qd3 Nf6 33. Rd1 Qd7 34. Kg2 h6 35. Rd2 R5b7 36. f4 Rc8 37. Rxc8+ Qxc8 38. f5 g5 39. h4 Nh7 40. hxg5 Nxg5 41. Rc2 e5 42. fxe6 fxe6 43. dxe6 Qxe6 44. Qd5 Qxd5+ 45. Nxd5 Nf7 46. c4 Ne5 47. Bxe5 Bxe5 48. Kf3 Kf7 49. Ke4 Ke6 50. b5 Rg7 51. Ne3 Rg1 52. Ra2 Rh1 53. b6 Rb1 54. Nd5 Kd7 55. Ra7+ Kc8 56. Rh7 Kb8 57. Rxh6 Rd1 1-0

[Event "Rilton Cup 45th"]
[Site "Stockholm"]
[Date "2016.01.03"]
[Round "7"]
[White "Kassani, Sam"]
[Black "Brinck Claussen, Bjorn"]
[Result "0-1"]
[WhiteElo "2126"]
[BlackElo "2244"]
[PlyCount "62"]
[EventDate "2015.12.27"]
[EventType "swiss"]
[EventRounds "9"]
[EventCountry "SWE"]
[SourceTitle "CBM 170 Extra"]
[Source "ChessBase"]
[SourceDate "2016.02.25"]
[SourceVersion "1"]
[SourceVersionDate "2016.02.25"]
[SourceQuality "1"]

1. d4 Nf6 2. Nc3 d5 3. Bg5 e6 4. e4 Be7 5. e5 Nfd7 6. h4 c5 7. Nf3 Nc6 8. Bxe7 Qxe7 9. Nb5 0-0 10. Bd3 h6 11. c3 cxd4 12. cxd4 f6 13. Qe2 fxe5 14. dxe5 a6 15. Nc3 Qb4 16. 0-0 Qg4 17. Rae1 Rxf3 18. Qxf3 Qxf3 19. gxf3 Ndxe5 20. Be2 Nd4 21. Kg2 Ng6 22. Rh1 Bd7 23. Bd1 Rf8 24. Ref1 Ne5 25. h5 Ndxf3 26. Bxf3 Nxf3 27. Rd1 Bc6 28. Kg3 d4 29. Nb1 e5 30. Rhf1 Rf5 31. Nd2 Rg5+ 0-1

[Event "Uppsala Young Champions op"]
[Site "Uppsala"]
[Date "2015.10.30"]
[Round "2"]
[White "Moradi, Kimia"]
[Black "Kassani, Sam"]
[Result "1-0"]
[WhiteElo "2033"]
[BlackElo "2171"]
[PlyCount "86"]
[EventDate "2015.10.29"]
[EventType "swiss"]
[EventRounds "7"]
[EventCountry "SWE"]
[SourceTitle "CBM 169 Extra"]
[Source "ChessBase"]
[SourceDate "2015.12.18"]
[SourceVersion "1"]
[SourceVersionDate "2015.12.18"]
[SourceQuality "1"]

1. e4 c6 2. d4 d5 3. exd5 cxd5 4. Bd3 Nc6 5. c3 Qc7 6. Ne2 a6 7. 0-0 e5 8. dxe5 Nxe5 9. Bf4 Bd6 10. Ng3 Nf6 11. Nf5 Bxf5 12. Bxf5 0-0 13. Nd2 Rad8 14. Bg5 Be7 15. Rc1 h6 16. Bh4 Nc6 17. Bg3 Qa5 18. Qc2 Rfe8 19. Rfd1 Bd6 20. Bxd6 Rxd6 21. Nc4 dxc4 22. Rxd6 Qe5 23. Rdd1 g6 24. Bxg6 Ng4 25. g3 Qf6 26. Bf5 Nge5 27. Kg2 Ne7 28. Be4 h5 29. Re1 h4 30. Qe2 Kg7 31. f4 h3+ 32. Kg1 N5g6 33. Bxg6 Qxg6 34. Qxc4 Kh7 35. Qe4 Nf5 36. Qxe8 Nxg3 37. Kf2 Nf5 38. Qe4 Kh6 39. Rg1 Qb6+ 40. Ke2 Qb5+ 41. c4 Qxb2+ 42. Kd1 Qxh2 43. Rh1 Ne3+ 1-0

[Event "Stockholm op"]
[Site "Stockholm"]
[Date "2015.08.23"]
[Round "9"]
[White "Palmqvist, Frederik"]
[Black "Kassani, Sam"]
[Result "1-0"]
[WhiteElo "2074"]
[BlackElo "2218"]
[PlyCount "95"]
[EventDate "2015.08.17"]
[EventType "swiss"]
[EventRounds "9"]
[EventCountry "SWE"]
[SourceTitle "EXT 2016"]
[Source "ChessBase"]
[SourceDate "2015.10.08"]
[SourceVersion "1"]
[SourceVersionDate "2015.10.08"]
[SourceQuality "1"]

1. e4 c6 2. Nc3 d5 3. Nf3 dxe4 4. Nxe4 Bg4 5. h3 Bxf3 6. Qxf3 Nd7 7. d4 Ngf6 8. c3 e6 9. Nxf6+ Nxf6 10. Bd3 Be7 11. 0-0 0-0 12. Re1 Re8 13. Bf4 g6 14. a4 a5 15. Be5 Nd7 16. Bh2 Bf8 17. Re2 Bg7 18. Rae1 Rc8 19. Bc2 Qb6 20. Bd6 Qa6 21. Bd3 b5 22. Bg3 Qb6 23. axb5 cxb5 24. d5 e5 25. Bb1 Rc5 26. Ba2 Qd6 27. Qd3 Rec8 28. Qd2 f5 29. f4 e4 30. Bf2 R5c7 31. Bd4 Nc5 32. Be5 Bxe5 33. fxe5 Qxe5 34. d6+ Rf7 35. Bxf7+ Kxf7 36. Rd1 Nd7 37. Qh6 Kg8 38. Qg5 Re8 39. Qe3 Kf7 40. Qa7 Ke6 41. Qxa5 Kf6 42. Qc7 Qe6 43. Ra1 f4 44. Ra7 f3 45. gxf3 Qxh3 46. Qxd7 Qg3+ 47. Kf1 e3 48. Qg4 1-0

[Event "Stockholm op"]
[Site "Stockholm"]
[Date "2015.08.22"]
[Round "8"]
[White "Kassani, Sam"]
[Black "Bergstrom, Rolf"]
[Result "0-1"]
[WhiteElo "2218"]
[BlackElo "2249"]
[PlyCount "106"]
[EventDate "2015.08.17"]
[EventType "swiss"]
[EventRounds "9"]
[EventCountry "SWE"]
[SourceTitle "EXT 2016"]
[Source "ChessBase"]
[SourceDate "2015.10.08"]
[SourceVersion "1"]
[SourceVersionDate "2015.10.08"]
[SourceQuality "1"]

1. Nf3 e6 2. d4 Nf6 3. Bf4 b6 4. e3 c5 5. Nbd2 Be7 6. h3 0-0 7. Bd3 cxd4 8. exd4 Ba6 9. Bxa6 Nxa6 10. 0-0 d6 11. c3 Qd7 12. a4 Nc7 13. Qe2 a6 14. Bg5 h6 15. Bxf6 Bxf6 16. Ne4 Be7 17. c4 Rfc8 18. Nc3 Bf8 19. Rfd1 Ne8 20. Rac1 Qb7 21. b4 a5 22. b5 Rc7 23. Ne4 Rac8 24. c5 dxc5 25. Ne5 cxd4 26. Nc6 Rd7 27. Kh1 Rd5 28. Rc4 Rc7 29. Rcxd4 Rcd7 30. Rxd5 Rxd5 31. Rxd5 exd5 32. Nc3 Nf6 33. Qe5 Qd7 34. Ne2 Bd6 35. Qd4 Bc5 36. Qf4 Qe6 37. Ned4 Qe4 38. Qd2 Bd6 39. Qd1 Qf4 40. Nf3 Ne4 41. Kg1 Nc3 42. Qe1 Nxa4 43. Qe8+ Kh7 44. Nce5 Qc1+ 45. Kh2 Qc7 46. g3 Qe7 47. Qc8 Bxe5 48. Qc2+ g6 49. Qxa4 Bd6 50. Qd4 Bc5 51. Qxd5 Bxf2 52. Ne5 Bc5 53. h4 Qe6 0-1

[Event "Stockholm op"]
[Site "Stockholm"]
[Date "2015.08.17"]
[Round "1"]
[White "Hedstrom Crevatin, Leo"]
[Black "Kassani, Sam"]
[Result "0-1"]
[WhiteElo "1649"]
[BlackElo "2218"]
[PlyCount "124"]
[EventDate "2015.08.17"]
[EventType "swiss"]
[EventRounds "9"]
[EventCountry "SWE"]
[SourceTitle "EXT 2016"]
[Source "ChessBase"]
[SourceDate "2015.10.08"]
[SourceVersion "1"]
[SourceVersionDate "2015.10.08"]
[SourceQuality "1"]

1. d4 Nf6 2. Nf3 d5 3. c4 c6 4. e3 Bf5 5. Nc3 e6 6. Bd3 Bxd3 7. Qxd3 Nbd7 8. 0-0 Be7 9. b3 0-0 10. Bb2 Re8 11. Rac1 Bd6 12. e4 dxe4 13. Nxe4 Nxe4 14. Qxe4 Qe7 15. c5 Bc7 16. Rfe1 Nf6 17. Qh4 Rad8 18. Ne5 Nd5 19. Qxe7 Rxe7 20. a3 f6 21. Nd3 Kf7 22. g3 g5 23. Re2 Rdd7 24. Rce1 Bd8 25. Kg2 h6 26. Kh3 Nc7 27. Nb4 a5 28. Nc2 Nd5 29. Ne3 Bc7 30. Nxd5 Rxd5 31. Kg2 e5 32. f4 Red7 33. fxe5 fxe5 34. dxe5 Ke6 35. b4 axb4 36. axb4 Rd2 37. Kh3 h5 38. Bc3 Rxe2 39. Rxe2 Rd3 40. Bd2 Bd8 41. Be1 Be7 42. Bd2 Rd5 43. Bc3 Rd3 44. Bd2 Rb3 45. Be1 Rb1 46. Bd2 Rb2 47. Rf2 Bd8 48. Kg2 g4 49. h3 b6 50. hxg4 hxg4 51. Be3 Rxf2+ 52. Kxf2 bxc5 53. Bxc5 Kxe5 54. Ke3 Bc7 55. Bd4+ Kd5 56. Bc5 Bxg3 57. Ke2 Bd6 58. Bf2 Bxb4 59. Kf1 Bd6 60. Kg2 Ke4 61. Bb6 c5 62. Ba5 c4 0-1

[Event "Stockholm op"]
[Site "Stockholm"]
[Date "2015.08.17"]
[Round "3"]
[White "Isaksson, Per"]
[Black "Kassani, Sam"]
[Result "0-1"]
[WhiteElo "2075"]
[BlackElo "2218"]
[PlyCount "81"]
[EventDate "2015.08.17"]
[EventType "swiss"]
[EventRounds "9"]
[EventCountry "SWE"]
[SourceTitle "EXT 2016"]
[Source "ChessBase"]
[SourceDate "2015.10.08"]
[SourceVersion "1"]
[SourceVersionDate "2015.10.08"]
[SourceQuality "1"]

1. d4 Nf6 2. c4 Nc6 3. Nc3 e5 4. d5 Ne7 5. h4 Nf5 6. g4 Nxg4 7. e4 Nxf2 8. Kxf2 Bc5+ 9. Ke1 Ng3 10. Rh3 Bxg1 11. Rxg3 Bh2 12. Rg5 0-0 13. Qe2 h6 14. Qxh2 hxg5 15. Bxg5 f6 16. Be3 d6 17. Bh3 f5 18. exf5 Bxf5 19. Kd2 Qd7 20. Bxf5 Rxf5 21. Rg1 Raf8 22. Ne4 Qf7 23. Ng5 Qh5 24. Ne6 R8f7 25. Qg2 Qxh4 26. Kd3 b5 27. Qe4 bxc4+ 28. Qxc4 Qh3 29. Qe4 Rf1 30. Qg4 e4+ 31. Kxe4 Qh2 32. Rxf1 Qc2+ 33. Kd4 Qa4+ 34. Kd3 Qxg4 35. Rxf7 Kxf7 36. Ng5+ Kg8 37. Ne4 Qf5 38. Bd4 c6 39. dxc6 d5 40. c7 dxe4+ 41. Kc4 0-1

[Event "Pardubice op rap 26th"]
[Site "Pardubice"]
[Date "2015.07.23"]
[Round "5"]
[White "Fiala, Milan"]
[Black "Kassani, Sam"]
[Result "0-1"]
[WhiteElo "1838"]
[BlackElo "2194"]
[PlyCount "82"]
[EventDate "2015.07.22"]
[EventType "swiss (rapid)"]
[EventRounds "9"]
[EventCountry "CZE"]
[SourceTitle "CBM 167 Extra"]
[Source "ChessBase"]
[SourceDate "2015.09.14"]
[SourceVersion "1"]
[SourceVersionDate "2015.09.14"]
[SourceQuality "1"]

1. d4 Nf6 2. c4 Nc6 3. d5 Ne5 4. Qd4 Ng6 5. e4 d6 6. f4 e5 7. dxe6 fxe6 8. Nf3 Be7 9. Bd3 e5 10. fxe5 dxe5 11. Qxd8+ Bxd8 12. Nc3 c6 13. 0-0 0-0 14. c5 Be7 15. Bc4+ Kh8 16. Be3 Ng4 17. Nd1 Nxe3 18. Nxe3 Bxc5 19. Rae1 h6 20. Kh1 Bxe3 21. Rxe3 Bg4 22. h3 Bxf3 23. Rexf3 Rxf3 24. Rxf3 Nf4 25. Rb3 b5 26. Bf1 Rd8 27. Kh2 Rd1 28. Rf3 Rd2 29. Rc3 Rxb2 30. a3 a5 31. Rxc6 b4 32. axb4 axb4 33. Rc5 b3 34. Rxe5 Rf2 35. Kg1 b2 36. Rb5 Rd2 37. g3 Nxh3+ 38. Kh1 Ng5 39. Rb8+ Kh7 40. Kg1 Nf3+ 41. Kh1 Rh2# 0-1

[Event "Pardubice op rap 26th"]
[Site "Pardubice"]
[Date "2015.07.23"]
[Round "4"]
[White "Kassani, Sam"]
[Black "Zpevakova, Jana"]
[Result "0-1"]
[WhiteElo "2194"]
[BlackElo "2030"]
[PlyCount "96"]
[EventDate "2015.07.22"]
[EventType "swiss (rapid)"]
[EventRounds "9"]
[EventCountry "CZE"]
[SourceTitle "CBM 167 Extra"]
[Source "ChessBase"]
[SourceDate "2015.09.14"]
[SourceVersion "1"]
[SourceVersionDate "2015.09.14"]
[SourceQuality "1"]

1. d4 Nf6 2. Nf3 d6 3. h3 Nbd7 4. Bf4 c5 5. e3 g6 6. Be2 Bg7 7. c3 0-0 8. 0-0 a6 9. a4 b6 10. Bh2 Bb7 11. Nbd2 d5 12. Ne5 Ne4 13. Nxd7 Nxd2 14. Qxd2 Qxd7 15. b4 cxb4 16. cxb4 Rac8 17. b5 a5 18. Rfc1 f6 19. Rxc8 Rxc8 20. Bg3 h5 21. Bd3 Kf7 22. Rc1 e5 23. Rxc8 Qxc8 24. Qc2 Qxc2 25. Bxc2 Bc8 26. f4 exd4 27. f5 dxe3 28. Bc7 gxf5 29. Bxb6 f4 30. Bxa5 f5 31. Kf1 Be5 32. Bd1 Ke6 33. Bb4 d4 34. Bb3+ Kd7 35. Bc2 Ke6 36. Bb3+ Kf6 37. Bc4 Bb7 38. Be2 Be4 39. b6 d3 40. Bf3 d2 41. Ke2 Bc2 42. Bxd2 exd2 43. Kxd2 Bxa4 44. Bxh5 Bc6 45. Be2 Bxg2 46. h4 Bd4 47. h5 Bxb6 48. Ke1 Kg5 0-1

[Event "Rilton Cup 44th"]
[Site "Stockholm"]
[Date "2015.01.05"]
[Round "9"]
[White "Kassani, Sam"]
[Black "Olund, Joar"]
[Result "1/2-1/2"]
[WhiteElo "2086"]
[BlackElo "2291"]
[PlyCount "95"]
[EventDate "2014.12.27"]
[EventType "swiss"]
[EventRounds "9"]
[EventCountry "SWE"]
[SourceTitle "CBM 164 Extra"]
[Source "ChessBase"]
[SourceDate "2015.03.02"]
[SourceVersion "1"]
[SourceVersionDate "2015.03.02"]
[SourceQuality "1"]

1. d4 Nf6 2. Nf3 c5 3. e3 g6 4. dxc5 Qa5+ 5. Nbd2 Bg7 6. a3 Qxc5 7. b4 Qc7 8. Bb2 0-0 9. Be2 b6 10. 0-0 Bb7 11. c4 d6 12. Rc1 Nbd7 13. h3 e5 14. Qb3 a5 15. Rfd1 Bc6 16. c5 bxc5 17. b5 Rab8 18. a4 e4 19. Ne1 Ba8 20. Qa3 d5 21. Nb3 Rfc8 22. Bc3 Bf8 23. Qa1 Qd6 24. Nxa5 Qe6 25. Nc2 Bd6 26. Qa2 Ne5 27. Ne1 g5 28. Qa1 g4 29. Nc4 d4 30. Nxd6 gxh3 31. Nxc8 hxg2 32. Ne7+ Kf8 33. Bxd4 Qh3 34. Nxg2 Nf3+ 35. Bxf3 exf3 36. Nf4 Qg4+ 37. Kf1 Qh4 38. Ke1 Ne4 39. Neg6+ hxg6 40. Nxg6+ fxg6 41. Bxc5+ Kg8 42. Qa2+ Kg7 43. Rd7+ Kh6 44. Rh7+ Kxh7 45. Qf7+ Kh6 46. Bf8+ Kh5 47. Qh7+ Kg4 48. Qd7+ 1/2-1/2

[Event "Rilton Cup 44th"]
[Site "Stockholm"]
[Date "2015.01.04"]
[Round "8"]
[White "Kvisvik, Brede Alexander"]
[Black "Kassani, Sam"]
[Result "0-1"]
[WhiteElo "2275"]
[BlackElo "2086"]
[PlyCount "68"]
[EventDate "2014.12.27"]
[EventType "swiss"]
[EventRounds "9"]
[EventCountry "SWE"]
[SourceTitle "CBM 164 Extra"]
[Source "ChessBase"]
[SourceDate "2015.03.02"]
[SourceVersion "1"]
[SourceVersionDate "2015.03.02"]
[SourceQuality "1"]

1. d4 d5 2. c4 c6 3. cxd5 cxd5 4. Bf4 Nf6 5. e3 Nc6 6. Nc3 a6 7. Bd3 e6 8. Rc1 Qb6 9. Nf3 Qxb2 10. 0-0 Ba3 11. e4 Qb4 12. Rc2 Qa5 13. exd5 Nxd5 14. Nxd5 Qxd5 15. Ne5 Nxe5 16. Bxe5 Bd7 17. Re1 Qa5 18. Bc7 Qg5 19. Qf3 Ba4 20. Rce2 Bc6 21. Be4 Bxe4 22. Rxe4 Bb4 23. Rg4 Qe7 24. Qxb7 0-0 25. Be5 f6 26. Qxe7 Bxe7 27. Bf4 Kf7 28. Rh4 h6 29. Rh3 Rfd8 30. Rhe3 Bb4 31. Rd1 e5 32. Rb3 Bc5 33. Be3 exd4 34. Rbd3 dxe3 0-1

[Event "Rilton Cup 44th"]
[Site "Stockholm"]
[Date "2014.12.29"]
[Round "3"]
[White "Kassani, Sam"]
[Black "Mikalsen, Erlend"]
[Result "1/2-1/2"]
[WhiteElo "2086"]
[BlackElo "2164"]
[PlyCount "100"]
[EventDate "2014.12.27"]
[EventType "swiss"]
[EventRounds "9"]
[EventCountry "SWE"]
[SourceTitle "CBM 164 Extra"]
[Source "ChessBase"]
[SourceDate "2015.03.02"]
[SourceVersion "1"]
[SourceVersionDate "2015.03.02"]
[SourceQuality "1"]

1. d4 Nf6 2. Nf3 e6 3. Bf4 d5 4. e3 Bd6 5. c3 c5 6. Bb5+ Nc6 7. 0-0 0-0 8. dxc5 Bxc5 9. Qe2 Qe7 10. Bg3 a6 11. Bxc6 bxc6 12. b4 Bb6 13. Nbd2 a5 14. Rfc1 Ba6 15. Qd1 Rfc8 16. Qb3 c5 17. b5 Bb7 18. a4 Nh5 19. Bh4 f6 20. Re1 g5 21. Bg3 Nxg3 22. hxg3 Qf7 23. Rad1 h6 24. e4 Kg7 25. Qc2 Qg6 26. Qb1 Re8 27. Nc4 Bc7 28. b6 Bd8 29. Nd6 Re7 30. exd5 Qxb1 31. Rxb1 Bxd5 32. c4 Bc6 33. Red1 Bxa4 34. b7 Rb8 35. Rd2 Bc6 36. Rbd1 Bc7 37. Nc8 Rf7 38. Nd6 Rff8 39. Re1 e5 40. Rb1 Kg6 41. Nc8 Kf7 42. Na7 Be4 43. Rd7+ Ke6 44. Rxc7 Bxb1 45. Nd2 Bc2 46. g4 a4 47. Nb5 Rf7 48. Rc6+ Kd7 49. Rc7+ Ke6 50. Rc6+ Kd7 1/2-1/2

[Event "Stockholm op 08"]
[Site "Stockholm"]
[Date "2014.08.19"]
[Round "4"]
[White "Tuomainen, Felix"]
[Black "Kassani, Sam"]
[Result "1/2-1/2"]
[WhiteElo "2028"]
[BlackElo "2030"]
[PlyCount "70"]
[EventDate "2014.08.18"]
[EventType "swiss"]
[EventRounds "9"]
[EventCountry "SWE"]
[SourceTitle "CBM 161 Extra"]
[Source "ChessBase"]
[SourceDate "2014.08.29"]
[SourceVersion "1"]
[SourceVersionDate "2014.08.29"]
[SourceQuality "1"]

1. d4 Nf6 2. c4 e6 3. Nc3 Bb4 4. e3 0-0 5. Nge2 d5 6. a3 Bd6 7. c5 Be7 8. f4 b6 9. cxb6 axb6 10. Ng3 Ba6 11. Bxa6 Nxa6 12. 0-0 c5 13. Qe2 Nc7 14. Bd2 Qb8 15. Rac1 Rc8 16. Kh1 Bf8 17. Qf3 Nce8 18. f5 e5 19. Nxd5 Nxd5 20. Qxd5 Rd8 21. Qf3 cxd4 22. exd4 Rxd4 23. Be3 Rd3 24. Qe2 Rb3 25. Ne4 Qb7 26. Nc3 Qa6 27. Qd2 Nd6 28. Qc2 Qc4 29. f6 g6 30. Qd2 Ne4 31. Nxe4 Qxe4 32. Bh6 Rd3 33. Qg5 Bd6 34. Rfe1 Qd5 35. Qg4 Bc5 1/2-1/2

[Event "Agneaux St Lo op 16th"]
[Site "Agneaux"]
[Date "2014.07.07"]
[Round "2"]
[White "Fayad, Erwan"]
[Black "Kassani, Sam"]
[Result "0-1"]
[WhiteElo "1907"]
[BlackElo "2112"]
[PlyCount "75"]
[EventDate "2014.07.06"]
[EventType "swiss"]
[EventRounds "9"]
[EventCountry "FRA"]
[SourceTitle "EXT 2015"]
[Source "ChessBase"]
[SourceDate "2014.11.20"]
[SourceVersion "1"]
[SourceVersionDate "2014.11.20"]
[SourceQuality "1"]

1. e4 c5 2. Nf3 g6 3. d4 cxd4 4. Nxd4 Nc6 5. Nc3 Bg7 6. Be3 Nf6 7. Be2 0-0 8. 0-0 d5 9. exd5 Nb4 10. d6 Qxd6 11. Ndb5 Qxd1 12. Raxd1 Bf5 13. Bxa7 Nc6 14. Be3 Bxc2 15. Rd2 Bf5 16. Bf3 Ng4 17. Bc5 Nge5 18. Bd5 Bh6 19. Be3 Bxe3 20. fxe3 Bd3 21. Rc1 Nb4 22. Bb3 Rfc8 23. Nd4 Bc4 24. a3 Nbd3 25. Rb1 Bxb3 26. Nxb3 Kg7 27. Nb5 Nc5 28. Rd5 Nxb3 29. Rxe5 Ra5 30. Rf1 Rc6 31. Rxe7 Rxb5 32. Rfxf7+ Kh6 33. Rxh7+ Kg5 34. h4+ Kg4 35. Re4+ Kg3 36. Rf7 Rc1+ 37. Rf1 Rxf1+ 38. Kxf1 0-1

[Event "Agneaux St Lo op 16th"]
[Site "Agneaux"]
[Date "2014.07.07"]
[Round "3"]
[White "Kassani, Sam"]
[Black "Bressy, Theo"]
[Result "1-0"]
[WhiteElo "2112"]
[BlackElo "1848"]
[PlyCount "143"]
[EventDate "2014.07.06"]
[EventType "swiss"]
[EventRounds "9"]
[EventCountry "FRA"]
[SourceTitle "EXT 2015"]
[Source "ChessBase"]
[SourceDate "2014.11.20"]
[SourceVersion "1"]
[SourceVersionDate "2014.11.20"]
[SourceQuality "1"]

1. d4 Nf6 2. Nf3 c5 3. e3 e6 4. Bd3 a6 5. 0-0 b5 6. b3 Bb7 7. Bb2 Be7 8. Nbd2 h6 9. Re1 Qc7 10. Rc1 Rg8 11. c4 b4 12. Bf1 g5 13. Ne5 g4 14. Nd3 d6 15. e4 Nc6 16. e5 Nd7 17. Ne4 cxd4 18. exd6 Bxd6 19. Nxd6+ Qxd6 20. c5 Qd5 21. Qd2 Qg5 22. Qc2 Nde5 23. Kh1 Nxd3 24. Qxd3 0-0-0 25. a3 bxa3 26. Bxa3 Qf4 27. Rc2 Rd5 28. Bc1 Qc7 29. Qh7 Rgd8 30. Qxh6 d3 31. Rd2 Na5 32. Rb2 Qd7 33. Bd2 Nc6 34. Be3 Nb4 35. Rd2 a5 36. Bg5 Rg8 37. Be3 Ba6 38. Ra1 Nc6 39. b4 Nxb4 40. Rxa5 Qb7 41. Qf4 Nc6 42. Ra1 Bb5 43. Rda2 Qc7 44. Ra8+ Nb8 45. Qb4 Qc6 46. R8a5 Ba6 47. Kg1 f5 48. Rb1 Kd7 49. Qc3 Qc7 50. Rb6 Bc8 51. c6+ Nxc6 52. Rxd5+ exd5 53. Bxd3 f4 54. Bf5+ Ke7 55. Rxc6 Qxc6 56. Qxc6 Bxf5 57. Bxf4 d4 58. Qd6+ Kf7 59. Qxd4 Re8 60. f3 gxf3 61. Qd5+ Kg6 62. Qxf3 Re1+ 63. Kf2 Re6 64. g4 Bc2 65. h4 Be4 66. Qb3 Rc6 67. Qg8+ Kf6 68. Qf8+ Ke6 69. Qe8+ Kd5 70. Qe5+ Kc4 71. Qxe4+ Kb5 72. h5 1-0